100 Biggest U.S. Cities within 1776 Borders - Statistics

General Stats
  • This quiz has been taken 167 times
  • The average score is 49 of 100
Answers on the Map
Answers color-coded by a green-red scale on the quiz's map according to % correct below.
 
Answer Stats
Population State Cities % Correct
8,478,072 NY New York
96%
673,458 MA Boston
94%
1,573,916 PA Philadelphia
93%
702,250 DC Washington
93%
101,317 NY Albany
91%
568,271 MD Baltimore
91%
499,825 NC Raleigh
91%
233,655 VA Richmond
89%
317,303 NJ Newark
88%
943,476 NC Charlotte
86%
194,706 RI Providence
86%
157,665 SC Charleston
84%
122,129 CT Hartford
84%
454,808 VA Virginia Beach
83%
91,193 NJ Trenton
82%
148,808 GA Savannah
81%
231,105 VA Norfolk
79%
302,824 NJ Jersey City
78%
146,097 NY Syracuse
77%
201,737 GA Augusta
76%
211,040 NY Yonkers
76%
69,568 ME Portland
74%
125,284 NC Wilmington
74%
73,176 DE Wilmington
74%
144,788 SC Columbia
73%
307,381 NC Greensboro
72%
137,562 CT New Haven
72%
255,769 NC Winston-Salem
72%
301,870 NC Durham
69%
159,102 VA Alexandria
67%
116,386 NH Manchester
65%
211,286 MA Worcester
65%
151,599 CT Bridgeport
64%
75,905 PA Scranton
62%
154,888 MA Springfield
61%
183,056 VA Newport News
60%
127,138 PA Allentown
59%
121,186 MA Cambridge
57%
128,691 GA Athens
56%
95,138 NC Greenville
56%
74,371 SC Greenville
56%
254,997 VA Chesapeake
55%
97,912 VA Roanoke
54%
139,134 CT Stamford
54%
112,395 NC Concord
53%
71,749 NJ Camden
50%
209,496 NC Fayetteville
50%
140,413 NJ Elizabeth
45%
120,418 MA Lowell
45%
96,482 VA Portsmouth
45%
160,463 NJ Paterson
44%
89,537 MD Frederick
43%
137,596 VA Hampton
43%
66,663 MA Plymouth
43%
96,000 PA Reading
42%
126,005 SC North Charleston
41%
103,434 MA Quincy
41%
69,495 NY Schenectady
41%
101,318 MA New Bedford
39%
103,105 VA Suffolk
39%
80,301 VA Lynchburg
38%
91,851 NH Nashua
37%
94,689 MA Fall River
35%
103,489 MA Lynn
33%
85,512 NY New Rochelle
33%
76,996 RI Pawtucket
33%
115,908 CT Waterbury
33%
182,659 NC Cary
32%
88,692 CT Danbury
32%
83,554 RI Warwick
32%
118,601 NC High Point
29%
79,453 PA Bethlehem
28%
93,661 CT Norwalk
26%
71,999 NY Mount Vernon
25%
105,788 MA Brockton
24%
89,332 MA Lawrence
24%
64,184 CT West Hartford
24%
70,840 NC Jacksonville
23%
70,722 NJ Passaic
23%
70,686 MD Gaithersburg
22%
64,594 CT Greenwich
22%
74,532 NJ Bayonne
20%
84,448 RI Cranston
20%
85,535 NC Gastonia
20%
90,700 MA Newton
20%
75,798 SC Rock Hill
20%
71,850 NJ East Orange
19%
65,300 CT Fairfield
19%
95,604 SC Mount Pleasant
19%
75,871 CT New Britain
18%
82,149 MA Somerville
18%
73,361 MA Framingham
17%
68,417 MD Rockville
17%
75,977 NC Apex
16%
65,849 MA Waltham
15%
90,322 NJ Clifton
14%
68,291 MA Haverhill
13%
66,693 MA Malden
13%
66,918 NJ Union City
13%
67,087 NC Huntersville
9%
No matching quizzes found
Score Distribution
Percent of People with Each Score
Percentile by Number Answered
Your Score History
You have not taken this quiz